000 00819nam a2200241Ia 4500
003 OSt
005 20221005112854.0
006 a|||||r|||| 00| 0
007 ta
008 221004b |||||||| |||| 00| 0 pan d
020 _c240
024 _a94322
037 _b215, 31/12/2008, H.K. Prakashan
_cTextual
040 _aCRL
_cCRL
_bpan
041 _2pan
_apan
082 _aU8.44Q7.N68, 153P5
100 _aਹੁੰਦਲ, ਹਰਭਜਨ ਸਿੰਘ
245 0 _aਮੁਹੱਬਤ ਦਾ ਸਖ਼ਰਨਾਮਾ
260 _aਦਿੱਲੀ
_bਐਮ ਪੀ ਪ੍ਰਕਾਨ ਭਾਰਤ
_c2005
300 _a198ਪੰ
_ccm.
942 _hU8.44Q7.N68, 153P5
_cTEXL
_2cc
999 _c1026266
_d1026266